000 00651nam a2200229Ia 4500
003 OSt
005 20220923225946.0
006 a|||||r|||| 00| 0
007 ta
008 Pun
024 _a276,337
037 _cTextual
040 _aARTS
_cARTS
_bPun
041 _2Pun
_aPun
082 _aO153,3:g, K9
100 _aਦੁਸਾਂਝ, ਸੁਰਿੰਦਰ ਸਿੰਘ
245 0 _aਪੰਜਾਬੀ ਇਤਿਹਾਤਕ ਨਾਵਲ
260 _c1969
650 _aਪੰਜਾਬੀ ਸਾਹਿਤ
942 _hO153,3:g, K9
_cTEXL
_2CC
999 _c381606
_d381606